Administración: una perspectiva global y empresarial (Registro nro. 7626)

Detalles MARC
000 -CABECERA
campo de control de longitud fija 01274aam a2200421 4500
005 - FECHA Y HORA DE ACTUALIZACIÓN
campo de control 20220217120021.0
008 - LONGITUD FIJA
campo de control de longitud fija 150410b xxu||||| |||| 00| 0 spa d
041 ## - IDIOMA
Código de idioma del texto/pista de sonido o título separado
082 ## - CLASIFICACIÓN DECIMAL DEWEY
Número de clasificación 658 K82ad14
100 ## - AUTOR PERSONAL
Nombre de persona Koontz, Harold
100 ## - AUTOR PERSONAL
Nombre de persona Weihrich, Heinz
100 ## - AUTOR PERSONAL
Nombre de persona Cannice, Mark
245 ## - TÍTULO PROPIAMENTE DICHO
Título Administración: una perspectiva global y empresarial
250 ## - EDICIÓN
Mención de edición 14 edición
260 ## - PIE DE IMPRENTA
Lugar de publicación, distribución, etc. México
Nombre del editor, distribuidor, etc. McGraw-Hill
Fecha de publicación, distribución, etc. 2012
300 ## - DESCRIPCIÓN FÍSICA
Extensión 651 páginas
650 ## - Materia General
Materia general ADMINISTRACIÓN DE EMPRESAS
650 ## - Materia General
Materia general PLANEACIÓN
650 ## - Materia General
Materia general ORGANIZACIÓN
650 ## - Materia General
Materia general DIRECCIÓN
650 ## - Materia General
Materia general CONTROL
650 ## - Materia General
Materia general TOMA DE DECISIONES
650 ## - Materia General
Materia general CULTURA ORGANIZACIONAL
650 ## - Materia General
Materia general TRABAJO EN EQUIPO
650 ## - Materia General
Materia general COMUNICACIÓN
650 ## - Materia General
Materia general LIDERAZGO
650 ## - Materia General
Materia general PRODUCTIVIDAD
650 ## - Materia General
Materia general CALIDAD TOTAL
650 ## - Materia General
Materia general ADMINISTRACIÓN DE RECURSOS HUMANOS
650 ## - Materia General
Materia general SELECCIÓN DE PERSONAL
650 ## - Materia General
Materia general EVALUACIÓN DEL DESEMPEÑO
650 ## - Materia General
Materia general ESTRATEGIA
650 ## - Materia General
Materia general REINGENIERÍA
650 ## - Materia General
Materia general FACTORES HUMANOS
650 ## - Materia General
Materia general MOTIVACIÓN
650 ## - Materia General
Materia general ADMINISTRACION DE OPERACIONES
942 ## - Punto de Acceso Adicional Koha
Tipo de ítem Koha Libro
Existencias
Estado perdido Estado dañado No para préstamo Biblioteca permanente Biblioteca actual Signatura completa Código de barras Tipo de ítem Precio efectivo a partir del
      Departamento de Biblioteca y Documentación Alfonso Chase Brenes Departamento de Biblioteca y Documentación Alfonso Chase Brenes 658 K82ad14 16609 Libro  
      Departamento de Biblioteca y Documentación Alfonso Chase Brenes Departamento de Biblioteca y Documentación Alfonso Chase Brenes 658 K82ad14 16610 Libro  
      Departamento de Biblioteca y Documentación Alfonso Chase Brenes Departamento de Biblioteca y Documentación Alfonso Chase Brenes 658 K82ad14 16611 Libro  
      Departamento de Biblioteca y Documentación Alfonso Chase Brenes Departamento de Biblioteca y Documentación Alfonso Chase Brenes 658 K82ad14 16612 Libro  
      Departamento de Biblioteca y Documentación Alfonso Chase Brenes Departamento de Biblioteca y Documentación Alfonso Chase Brenes 658 K82ad14 17139 Libro 10/02/2016
      Departamento de Biblioteca y Documentación Alfonso Chase Brenes Departamento de Biblioteca y Documentación Alfonso Chase Brenes 658 K82ad14 17140 Libro 10/02/2016
      Departamento de Biblioteca y Documentación Alfonso Chase Brenes Departamento de Biblioteca y Documentación Alfonso Chase Brenes 658 K82ad14 17141 Libro 10/02/2016
      Departamento de Biblioteca y Documentación Alfonso Chase Brenes Departamento de Biblioteca y Documentación Alfonso Chase Brenes 658 K82ad14 17142 Libro 10/02/2016
Perdido     Departamento de Biblioteca y Documentación Alfonso Chase Brenes Departamento de Biblioteca y Documentación Alfonso Chase Brenes 658 K82ad14 17143 Libro  
      Departamento de Biblioteca y Documentación Alfonso Chase Brenes Departamento de Biblioteca y Documentación Alfonso Chase Brenes 658 K82ad14 17144 Libro 10/02/2016
      Departamento de Biblioteca y Documentación Alfonso Chase Brenes Departamento de Biblioteca y Documentación Alfonso Chase Brenes 658 K82ad14 17145 Libro 10/02/2016
      Departamento de Biblioteca y Documentación Alfonso Chase Brenes Departamento de Biblioteca y Documentación Alfonso Chase Brenes 658 K82ad14 17146 Libro 10/02/2016
      Departamento de Biblioteca y Documentación Alfonso Chase Brenes Departamento de Biblioteca y Documentación Alfonso Chase Brenes 658 K82ad14 17147 Libro 10/02/2016
      Departamento de Biblioteca y Documentación Alfonso Chase Brenes Departamento de Biblioteca y Documentación Alfonso Chase Brenes 658 K82ad14 17148 Libro 10/02/2016
      Departamento de Biblioteca y Documentación Alfonso Chase Brenes Departamento de Biblioteca y Documentación Alfonso Chase Brenes 658 K82ad14 20574 Libro  
      Departamento de Biblioteca y Documentación Alfonso Chase Brenes Departamento de Biblioteca y Documentación Alfonso Chase Brenes 658 K82ad14 20575 Libro  
      Departamento de Biblioteca y Documentación Alfonso Chase Brenes Departamento de Biblioteca y Documentación Alfonso Chase Brenes 658 K82ad14 20576 Libro  
      Departamento de Biblioteca y Documentación Alfonso Chase Brenes Departamento de Biblioteca y Documentación Alfonso Chase Brenes 658 K82ad14 20577 Libro